000 00601nam a22002057a 4500
001 129943
003 ES-SlBCS
005 20260615091746.0
008 260615b ||||| |||| 00| 0 spa d
017 _aS 201-2026
_bSalamanca
020 _a978-84-301-2306-3
040 _aES-SlBCS
_bspa
_dES-SlBCS
100 1 _aGarcía-Baró, Miguel
_94460
245 1 _aPoesía, Filosofía, Misterios
_cMiguel García-Baró
260 _aSalamanca
_bEdiciones Sígueme
_c2026
300 _a301 p.,
_btapa blanda,
_c21 cm.
490 0 _aHermeneia
_v151
650 0 _aFilosofía
_vPoesía
_9429716
942 _2lcc
_cBK
999 _c904933
_d904933